Telling tales : (Record no. 13389)

000 -LEADER
fixed length control field 00692pam a2200205 a 4500
020 ## - INTERNATIONAL STANDARD BOOK NUMBER
ISBN 0140445706 :
040 ## - CATALOGING SOURCE
Transcribing agency DLC
082 00 - DEWEY DECIMAL CLASSIFICATION NUMBER
Classification number 812 PEN 1993 A093 Or.
245 00 - TITLE STATEMENT
Title Telling tales :
Remainder of title new one-act plays /
260 ## - PUBLICATION, DISTRIBUTION, ETC. (IMPRINT)
Place of publication New York, N.Y., U.S.A. :
Name of publisher Penguin Books,
Year of publication 1993.
300 ## - PHYSICAL DESCRIPTION
Number of Pages xii, 417 p. ;
Dimensions 21 cm.
500 ## - GENERAL NOTE
General note Includes index.
650 #0 - SUBJECT ADDED ENTRY--TOPICAL TERM
Topical Term One-act plays, American.
650 #0 - SUBJECT ADDED ENTRY--TOPICAL TERM
Topical Term One-act plays, English.
700 1# - ADDED ENTRY--PERSONAL NAME
Personal name Lane, Eric.
856 42 - ELECTRONIC LOCATION AND ACCESS
Uniform Resource Identifier http://www.loc.gov/catdir/enhancements/fy1510/92023876-b.html
856 41 - ELECTRONIC LOCATION AND ACCESS
Uniform Resource Identifier http://www.loc.gov/catdir/enhancements/fy1510/92023876-t.html
856 42 - ELECTRONIC LOCATION AND ACCESS
Uniform Resource Identifier https://www.loc.gov/catdir/enhancements/fy1609/92023876-d.html
942 ## - ADDED ENTRY ELEMENTS (KOHA)
Koha item type សៀវភៅភាសាអង់គ្លេស
952 ## - LOCATION AND ITEM INFORMATION (KOHA)
Withdrawn status [LOCAL, KOHA] 0
Holdings
Permanent Location Date acquired Koha item type Lost status Shelving location Barcode Current Location Full call number
Library Block A2017-08-25សៀវភៅភាសាអង់គ្លេស A095A21142Library Block A812 PEN 1993 A095 Or.
មជ្ឈមណ្ឌលឯការនៃសាកលវិទ្យាល័យភូមិន្ទកសិកម្មចំការដូង

Powered by Koha